Statistics for Abilities based on the Pokemon-Gen VII

Click here to take the quiz!

General Stats

  • This quiz has been taken 4 times
  • The average score is 15 of 20

Answer Stats

PokemonAbility(ies)% Correct
BuzzwoleBeast Boost
100%
CelesteelaBeast Boost
100%
KartanaBeast Boost
100%
XurkitreeBeast Boost
100%
NihilegoBeast Boost
100%
DrampaBerserk | Sap Sipper
100%
SalazzleCorrosion
100%
Alolan MarowakCursed Body | Lightning Rod
100%
OricorioDancer
100%
BruxishDazzling | Strong Jaw
100%
MimikyuDisguise
100%
ComfeyFlower Veil | Triage
100%
Alolan ExeggutorFrisk
100%
SolgaleoFull Metal Body
100%
Alolan Golem (Hidden)Galvanise
100%
Tapu BuluGrassy Surge
100%
ShiinoticIlluminate | Effect Spore
100%
PyukumukuInnards Out
100%
Mudsdale (Hidden)Inner Focus
100%
Incineroar (Hidden)Intimidate
100%
TogedemaruIron Barbs | Lightning Rod
100%
Lycanroc-DayKeen Eye | Sand Rush
100%
Primarina (Hidden)Liquid Voice
100%
Decidueye (Hidden)Long Reach
100%
Alolan GolemMagnet Pull | Sturdy
100%
Ultra NecrozmaNeuroforce
100%
Alolan Dugtrio (Hidden)Sand Force
100%
TurtonatorShell Armour
100%
MiniorShields Down
100%
Alolan SandslashSnow Cloak
100%
Alolan RaichuSurge Surfer
100%
MarshadowTechnician
100%
PrimarinaTorrent
100%
Araquanid (Hidden)Water Absorb
100%
PalossandWater Compaction
100%
TsareenaLeaf Guard | Queenly Majesty
67%
ToucannonKeen Eye | Skill Link
50%
Lycanroc-NIght (Hidden)No Guard
50%
Gumshoos (Hidden)Adaptability
0%
Crabominable (Hidden)Anger Point
0%
GuzzlordBeast Boost
0%
PheramosaBeast Boost
0%
BlacephalonBeast Boost
0%
StakatakaBeast Boost
0%
NaganadelBeast Boost
0%
IncineroarBlaze
0%
Kommo-oBulletproof | Sound Proof
0%
Drampa (Hidden)Cloud Nine
0%
KomalaComatose
0%
Lurantis (Hidden)Contrary
0%
Passimian (Hidden)Defiant
0%
Tapu KokoElectric Surge
0%
GolisopodEmergency Exit
0%
BewearFluffy | Klutz
0%
Alolan PersianFur Coat | Technician
0%
Alolan RaticateGluttony | Hustle
0%
Alolan MukGluttony | Poison Touch
0%
Alolan Exeggutor (Hidden)Harvest
0%
RibombeeHoney Gather | Shield Dust
0%
CrabominableHyper Cutter | Iron Fist
0%
OranguruInner Focus | Telepathy
0%
MelmetalIron Fist
0%
Lycanroc-NightKeen Eye | Vital Spirit
0%
LurantisLeaf Guard
0%
VikavoltLevitate
0%
ToxapexMerciless | Limber
0%
Tapu FiniMisty Surge
0%
Comfey (Hidden)Natural Cure
0%
Salazzle (Hidden)Oblivious
0%
Kommo-oOvercoat
0%
DecidueyeOvergrow
0%
MudsdaleOwn Tempo | Stamina
0%
Alolan Muk (Hidden)Power of Alchemy
0%
NecrozmaPrism Armour
0%
Necrozma-Dawn WingsPrism Armour
0%
Necrozma-Dusk ManePrism Armour
0%
Tapu LelePsychic Surge
0%
Shiinotic (Hidden)Rain Dish
0%
Alolan Persian (Hidden)Rattled
0%
PassimianReceiver
0%
Toxapex (Hidden)Regenerator
0%
SilvallyRKS System
0%
Alolan Marowak (Hidden)Rock Head
0%
Palossand (Hidden)Sand Veil
0%
Alolan DugtrioSand Veil | Tangling Hair
0%
WishiwashiSchooling
0%
LunalaShadow Shield
0%
Toucannon (Hidden)Sheer Force
0%
Alolan Sandslash (Hidden)Slush Rush
0%
Alolan NinetalesSnow Cloak
0%
Alolan Ninetales (Hidden)Snow Warning
0%
MagearnaSoul Heart
0%
GumshoosStakeout | Strong Jaw
0%
Lycanroc-Day (Hidden)Steadfast
0%
DhelmiseSteelworker
0%
Togedemaru (Hidden)Sturdy
0%
Ribombee (Hidden)Sweet Veil
0%
Tsareena (Hidden)Sweet Veil
0%
Oranguru (Hidden)Symbiosis
0%
Tapu Koko (Hidden)Telepathy
0%
Tapu Lele (Hidden)Telepathy
0%
Tapu Bulu (Hidden)Telepathy
0%
Tapu Fini (Hidden)Telepathy
0%
Alolan Raticate (Hidden)Thick Fat
0%
Lycanroc-DuskTough Claws
0%
Pyukumuku (Hidden)Unaware
0%
Bewear (Hidden)Unnerve
0%
ZeraoraVolt Absorb
0%
AraquanidWater Bubble
0%
Bruxish (Hidden)Wonder Skin
0%

Score Distribution

Percentile by Number Answered

Percent of People with Each Score

Your Score History

You have not taken this quiz